Tâm lí học đại cương Giáo trình đào tạo giáo viên Trung học cơ sở hệ Cao đẳng Sư phạm

Tallennettuna:
Bibliografiset tiedot
Päätekijä: Trần Trọng Thủy
Aineistotyyppi: Kirja
Kieli:Undetermined
Julkaistu: Hà Nội Giáo Dục 1998
Aiheet:
Tagit: Lisää tagi
Ei tageja, Lisää ensimmäinen tagi!
Thư viện lưu trữ: Trung tâm Học liệu Trường Đại học Cần Thơ
LEADER 00603nam a2200181Ia 4500
001 CTU_28845
008 210402s9999 xx 000 0 und d
082 |a 150 
082 |b Th523 
100 |a Trần Trọng Thủy 
245 0 |a Tâm lí học đại cương 
245 0 |b Giáo trình đào tạo giáo viên Trung học cơ sở hệ Cao đẳng Sư phạm 
245 0 |c Trần Trọng Thủy, Nguyễn Quang Uẩn 
260 |a Hà Nội 
260 |b Giáo Dục 
260 |c 1998 
650 |a psychology 
980 |a Trung tâm Học liệu Trường Đại học Cần Thơ